| 000 | 00576nam a22001937a 4500 | ||
|---|---|---|---|
| 999 |
_c172004 _d172004 |
||
| 005 | 20200124160359.0 | ||
| 010 | _aB-731162 | ||
| 020 |
_a9789353047184 _c295.00 |
||
| 035 | _aB-731162 | ||
| 037 |
_bDBAD/PUB _adpl |
||
| 082 | _aS | ||
| 100 | _aBond, Ruskin | ||
| 245 |
_aThe great retreat / _cby Ruskin Bond |
||
| 260 |
_bRupa publication india Pvt. Ltd. _c2018 _aNew Delhi |
||
| 270 |
_a7/16, Ansari Road _bNew Delhi _e110002 |
||
| 300 |
_aviii,215p. _c19cm(pbk) |
||
| 942 |
_cEN _2ddc _mBON _hS |
||